Kaki gunung manja

Bibliographic Details
Main Author: Amaludin Abdul Manaf
Format: Book
Published: Kuala Lumpur : DBP , 1995
Series:Novel kanak-kanak
Subjects:

MARC

LEADER 00000cam a2200000 7i4500
001 0000007123
002 000007666
005 20000330.0
020 |a 9836245685 
090 0 0 |a JF   |b AMA 
100 0 |a Amaludin Abdul Manaf 
245 1 0 |a Kaki gunung manja   |c Amaludin Abdul Manaf 
260 |a Kuala Lumpur :   |b DBP ,   |c 1995 
300 |a 98p. :   |b ill ;   |c 18cm. 
490 0 |a Novel kanak-kanak 
650 0 0 |a Children's stories 
999 |a 052559   |b BUKU   |c PINJAMAN   |e PERPUSTAKAAN KOMUNITI PETALING JAYA 
999 |a 052561   |b BUKU   |c PINJAMAN   |e PERPUSTAKAAN KOMUNITI PETALING JAYA